A COMPENDIUM OF READINGS ON MANAGEMENT (Record no. 8508)

MARC details
000 -LEADER
fixed length control field 00311nam a22001337a 4500
005 - DATE AND TIME OF LATEST TRANSACTION
control field 20240130115718.0
008 - FIXED-LENGTH DATA ELEMENTS--GENERAL INFORMATION
fixed length control field 240130b |||||||| |||| 00| 0 eng d
020 ## - INTERNATIONAL STANDARD BOOK NUMBER
ISBN NO
041 ## - LANGUAGE CODE
Language code of text/sound track or separate title eng
245 ## - TITLE STATEMENT
Title A COMPENDIUM OF READINGS ON MANAGEMENT
260 ## - PUBLICATION, DISTRIBUTION, ETC. (IMPRINT)
Name of publisher STEEL AUTHORITY OF INDIA
300 ## - PHYSICAL DESCRIPTION
Accompanying material 220;P
942 ## - ADDED ENTRY ELEMENTS (KOHA)
Koha item type Books
Holdings
Lost status Damaged status Home library Current library Date acquired Source of acquisition Accession Number Koha item type
    JRU Library JRU Library 25/01/2020 DONATION 23610 Books